=LDR 00000nam 2200000 4500 =001 INLIS000000000060640 =005 20220225092643 =035 ##$$a 0010-0222000194 =007 ta =008 220225###########################0#ind## =082 ##$$a 344.092 =084 ##$$a 344.092 Ped p =245 ##$$a Pedoman Umum tata Naskah Dinas (Pemerintah Pusat dan Daerah) =300 ##$$a 190 halaman ; $c 21 cm. =650 #4$$a Kearsipan-Undang-Undang dan Peraturan =264 ##$$a jakarta :$b Eka Jaya,$c 2010 =336 ##$$a teks$2 rdacontent =337 ##$$a lain-lain$2 rdamedia =338 ##$$a lain-lain$2 rdacarrier =990 ##$$a 07380738